Kinane v Mackie-Conteh (Record no. 74861)

MARC details
000 -LEADER
fixed length control field 01453cam a2200217 4500
001 - CONTROL NUMBER
control field ABS68771
008 - FIXED-LENGTH DATA ELEMENTS--GENERAL INFORMATION
fixed length control field 050302n2005 000 0 eng u
035 ## - SYSTEM CONTROL NUMBER
System control number (Sirsi) u128919
041 ## - LANGUAGE CODE
Language code of text/sound track or separate title eng
245 ## - TITLE STATEMENT
Title Kinane v Mackie-Conteh
260 ## - PUBLICATION, DISTRIBUTION, ETC.
Date of publication, distribution, etc. 2005
490 ## - SERIES STATEMENT
Series statement Estates Gazette
Volume/sequential designation [2005] 06 EG 140 (CS)(1)
520 ## - SUMMARY, ETC.
Summary, etc. [2005] EWCA Civ 45, 1 February 2005. Considered whether an agreement to grant a charge over a property complied with the Law of Property (Miscellaneous Provisions) Act 1989 s2(1). Appeal against an earlier ruling that although the agreement did not comply with the Act, it was enforceable because in the circumstances a constructive trust was created within s2(5) and was also enforceable under the Law of Property Act 1925 s53(1). M appealed on the grounds that s53(1) did not apply or at least applied only in part. K cross-appealed arguing that the judge should have found that a constructive trust had arisen and was enforceable under s53(1). "Held": the appeal was dismissed and the cross-appeal allowed in part.
590 ## - LOCAL NOTE (RLIN)
Local note ABS
650 ## - SUBJECT ADDED ENTRY--TOPICAL TERM
Topical term or geographic name entry element KINANE V MACKIE-CONTEH
650 ## - SUBJECT ADDED ENTRY--TOPICAL TERM
Topical term or geographic name entry element LAW OF PROPERTY (MISCELLANEOUS PROVISIONS) ACT 1989 S2(1)
650 ## - SUBJECT ADDED ENTRY--TOPICAL TERM
Topical term or geographic name entry element LAW OF PROPERTY ACT 1925 S53(1)
690 ## - LOCAL SUBJECT ADDED ENTRY--TOPICAL TERM (OCLC, RLIN)
Topical term or geographic name as entry element PROPERTY-PROPERTY FINANCE AND INVESTMENT-SECURITISATION
856 ## - ELECTRONIC LOCATION AND ACCESS
Uniform Resource Identifier <a href="https://www.bailii.org/cgi-bin/markup.cgi?doc=/ew/cases/EWCA/Civ/2005/45.html">https://www.bailii.org/cgi-bin/markup.cgi?doc=/ew/cases/EWCA/Civ/2005/45.html</a>
Public note View the judgment free of charge at www.bailli.org...
942 ## - ADDED ENTRY ELEMENTS (KOHA)
Suppress in OPAC 0
Holdings
Withdrawn status Lost status Source of classification or shelving scheme Damaged status Not for loan Home library Current library Shelving location Date acquired Total Checkouts Full call number Barcode Date last seen Copy number Price effective from Koha item type
    Dewey Decimal Classification     London London Journal article 02/03/2005   ABS68771 128919-1001 06/08/2019 1 06/08/2019 Law report
    Dewey Decimal Classification     Virtual Virtual Online 27/04/2005   ONLINE PUBLICATION 128919-2001 06/08/2019 1 06/08/2019 Law report